VITA PASTORALE, ANNO 88-N.07 (LUGLIO 2000) (Record n. 180384)

Dettagli MARC
000 -LEADER
fixed length control field 01104nas a2200277Ia 4500
001 - CONTROL NUMBER
control field R452/G4642
003 - CONTROL NUMBER IDENTIFIER
control field IT-RoPAU
008 - FIXED-LENGTH DATA ELEMENTS--GENERAL INFORMATION
fixed length control field 151124c99999999xx |||||||||||| ||und||
040 ## - CATALOGING SOURCE
Original cataloging agency IT-RoPAU
040 ## - CATALOGING SOURCE
Transcribing agency IT-RoPAU
041 ## - LANGUAGE CODE
Language code of text/sound track or separate title ITALIANO
100 ## - MAIN ENTRY--PERSONAL NAME
Personal name Zega Leonardo
Miscellaneous information Codice Aut. SPICS: 4857
210 ## - ABBREVIATED TITLE
Abbreviated title VITA PASTORALE
222 ## - KEY TITLE
Key title Vita Pastorale
245 ## - TITLE STATEMENT
Title VITA PASTORALE, ANNO 88-N.07 (LUGLIO 2000)
Remainder of title Don Zilli: L'Apostolo Della Comunicazione
250 ## - EDITION STATEMENT
Edition statement 1a ed.
260 ## - PUBLICATION, DISTRIBUTION, ETC. (IMPRINT)
Place of publication, distribution, etc. ALBA (CN)
Name of publisher, distributor, etc. PERIODICI SAN PAOLO
Date of publication, distribution, etc. 2000
300 ## - PHYSICAL DESCRIPTION
Extent 7 p. [40-46]
362 ## - DATES OF PUBLICATION AND/OR SEQUENTIAL DESIGNATION
Dates of publication and/or sequential designation ANNO 088, N.07 (LUGLIO 2000)
501 ## - WITH NOTE
-- Paulus - SPICS - Società San Paolo EM (non-commercial uses only)
-- Copyright2015
500 ## - GENERAL NOTE
General note A 20 Anni Dalla Sua Morte e Dalla Creazione dell'Associazione che Porta Ilsuo Nome: Celebrazione Commemorativa a Milano di Leonardo Zega, con Interventi del Superiore Generale della San Paolo Pietro Campus: un Vero Inteprete del Carisma Paolino; per Noi G
650 ## - SUBJECT ADDED ENTRY--TOPICAL TERM
Topical term or geographic name as entry element PASTORALE
Form subdivision PUBBLICAZIONE PERIODICA
700 ## - ADDED ENTRY--PERSONAL NAME
Personal name AA.VV.
700 ## - ADDED ENTRY--PERSONAL NAME
Miscellaneous information Codice Aut. SPICS: 12000
942 ## - ADDED ENTRY ELEMENTS (KOHA)
Koha item type RIVISTA
Dati di copia
Withdrawn status Lost status Damaged status Not for loan Home library Current library Date acquired Total Checkouts Full call number Date last seen Price effective from Koha item type Public note
    Buone Condizioni Not For Loan SPICS-MEDIATECA SPICS-MEDIATECA 25/11/2015   R452/G4642 25/11/2015 25/11/2015 RIVISTA Progr. Ins: 78371 / Copia rara: NO / date import: 25.11.2015 / By Epidotti, Trombetti, Vaglietti
CREDITS: SOCIETA' SAN PAOLO Via A.Severo, 58 - ROMA (RM) & PERIODICI SAN PAOLO SRL Via Giotto, 36 MILANO & CISF Via Giotto, 36 MILANO & EDIZIONI SAN PAOLO SRL,  Piazza Soncino, 5 CINISELLO BALSAMO (MI) -- ITALY